| Поле | Инд. | ПП | Название | Значение |
|---|---|---|---|---|
| Тип записи | a | |||
| Библиографический уровень | b | |||
| 001 | Контрольный номер | DU/591968285 | ||
| 005 | Дата корректировки | 20220303141417.9 | ||
| 008 | Кодируемые данные | 20180827 | ||
| 040 | b | Код языка каталог. | rus | |
| e | Правила каталог. | PSBO | ||
| 041 | 0_ | a | Код языка текста | rus |
| 084 | a | Индекс другой классификации/Индекс ББК | 60.75; 60.001(2) | |
| 100 | 1_ | a | Автор | Воронцов А. В. |
| q | Полное имя | Воронцов Алексей Васильевич | ||
| 100 | 1_ | a | Автор | Глотов М. Б. |
| q | Полное имя | Глотов Михаил Борисович | ||
| 245 | 10 | a | Заглавие | М. В. Ломоносов о сохранении и размножении российского народа |
| 504 | a | Библиография | Библиогр.: с. 181 | |
| 520 | 0_ | a | Аннотация | В статье рассмотрены социально-демографические воззрения М.В. Ломоносова, изложенные в трактате "О сохранении и размножении российского народа". Выделены основные проблемы вопроизводства российского населения, для решения которых великий русский ученый предложил конкретные практические рекомендации, сопроводив их обстоятельными объяснениямии, основанными на личных наблюдениях за жизнью народа и научном анализе социальных факторов. Обращено внимание на актуальность предлагаемых М.В. Ломоносовым рекомендаций для улучшения демографической ситуации в России |
| 600 | 14 | a | Персоналии | Ломоносов Михаил Васильевич |
| 650 | 14 | a | Основная рубрика | демография |
| a | Основная рубрика | история философии | ||
| a | Основная рубрика | социальная философия | ||
| 653 | 1_ | a | Ключевые слова | "О сохранении и размножении российского народа" |
| a | Ключевые слова | XVIII век | ||
| a | Ключевые слова | воспроизводство населения | ||
| a | Ключевые слова | демографическая ситуация | ||
| a | Ключевые слова | демографические проблемы | ||
| a | Ключевые слова | младенческая смертность | ||
| a | Ключевые слова | образ жизни | ||
| a | Ключевые слова | предупреждение смертности | ||
| a | Ключевые слова | рождаемость | ||
| a | Ключевые слова | Россия | ||
| a | Ключевые слова | смертность | ||
| a | Ключевые слова | супружество | ||
| 773 | 08 | t | Заглавие источника | Вестник Московского университета. Серия 18, Социология и политология |
| d | Дата издания источника | 2012 | ||
| g | Прочая информация | № 1. - С. 170 - 181 | ||
| w | Контрольный № источника | RU/IS/BASE/392489925 | ||
| 901 | t | Тип документа | b |